000 00780nam a22002292a 4500
001 50787
003 BD-RJUL
005 20211209075550.0
008 160828s1928 xx a 000 0 eng d
035 _aBD-RJUL 50907
040 _aNLM
_cNLM
_dEQO
_beng
041 _aeng
060 0 _aLC 4601
_bD448e 1928
082 _223
_a371.9
_bDEE 1928
100 1 _aDescoeudres, Alice.
_9152030
245 1 4 _aThe education of mentally defective children :
_bpsychological observations and practical suggestions. /
_cTr. from the second French ed. by Ernest F. Row
260 _aLondon :
_bHarrap,
_c[1928]
300 _a312 p. :
_bill. ;
_c17 cm.
500 _aTranslation of L'éducation des enfants anormaux
650 _aChildren with mental disabilities.
_9152031
942 _2ddc
_cBK
999 _c50787
_d50787